Analyse vectorielle - Statistiques

Statistiques générales
  • Ce quiz a été pris 20 fois
  • Le résultat moyen est 2 sur 12
Statistiques - réponses
Hint Réponse % Correct
en base cartésienne
36%
en base cartésienne
29%
en base sphérique
29%
en base cartésienne
21%
en base cylindrique
21%
en base cylindrique
21%
en base sphérique
21%
en base cylindrique
14%
en base sphérique
14%
en base cartésienne
14%
en base cylindrique
7%
en base sphérique
7%
Aucun quiz correspondant
Distribution des résultats
% des personnes avec chaque résultat
Percentile par nombre de réponses
Votre historique - résultats
Vous n’avez pas pris ce quiz